Sources of the history of India (Record no. 20587)
[ view plain ]
| 000 -LEADER | |
|---|---|
| fixed length control field | 00466nam a2200133Ia 4500 |
| 082 ## - DEWEY DECIMAL CLASSIFICATION NUMBER | |
| Classification number | RR 954 SOU- |
| 245 #0 - TITLE STATEMENT | |
| Title | Sources of the history of India |
| 260 ## - PUBLICATION, DISTRIBUTION, ETC. (IMPRINT) | |
| Place of publication | Calcutta |
| Name of publisher | Institute of Historical Studies |
| Year of publication | 1988 |
| 500 ## - GENERAL NOTE | |
| General note | Contents:6 vols vol 1 - (xv,551) - Vol.2. (xvii, 542p.) - v.3. (xvii, 493p.) - v.4. (xvi, 493p.) - v.5. (xii, 432p.) - v.6. (ix, 407p.) |
| 650 ## - SUBJECT ADDED ENTRY--TOPICAL TERM | |
| Topical Term | India - History - Sources |
| 700 ## - ADDED ENTRY--PERSONAL NAME | |
| Personal name | Ray, N.R. |
| 700 ## - ADDED ENTRY--PERSONAL NAME | |
| Personal name | Sen, S.P. |
| 942 ## - ADDED ENTRY ELEMENTS (KOHA) | |
| Koha item type | Books |
| Source of classification or shelving scheme | Dewey Decimal Classification |
| Withdrawn status | Lost status | Damaged status | Not for loan | Home library | Current library | Date acquired | Serial Enumeration / chronology | Bill Date | Full call number | Accession Number | Price effective from | Koha item type |
|---|---|---|---|---|---|---|---|---|---|---|---|---|
| NASSDOC Library | NASSDOC Library | 08/06/2004 | V.1 | 2004-10-22 | RR 954 SOU- | 30267 | 18/04/2019 | Books | ||||
| NASSDOC Library | NASSDOC Library | 08/06/2004 | V.2 | 2004-10-22 | RR 954 SOU- | 30268 | 18/04/2019 | Books | ||||
| NASSDOC Library | NASSDOC Library | 08/06/2004 | V.3 | 2004-10-22 | RR 954 SOU- | 30269 | 18/04/2019 | Books | ||||
| NASSDOC Library | NASSDOC Library | 08/06/2004 | V.4 | 2004-10-22 | RR 954 SOU- | 30270 | 18/04/2019 | Books | ||||
| NASSDOC Library | NASSDOC Library | 08/06/2004 | V.5 | 2004-10-22 | RR 954 SOU- | 30271 | 18/04/2019 | Books | ||||
| NASSDOC Library | NASSDOC Library | 08/06/2004 | V.6 | 2004-10-22 | RR 954 SOU- | 30272 | 18/04/2019 | Books |
